00805nam a22002297a 45000010005000000030006000050050017000110080041000280400029000690500015000980820012001131000023001252450040001482500036001882600043002243000058002675050008003255200161003335210027004945210018005216500036005397737FISKH20250801150357.0250801b cb ||||| |||| 00| 0 eng d aFISKHbengcFISKHdFISKH aPZ8.J263 C a813.54  aJanovitz, Marilyn  aCan I help? /cby Marilyn Janovitz  aThis edition published in 1998  aNew York : bNorth-South Books, c1996 a24 unnumbered pages : bcolor illustrations ; c24 cm aD  aA little wolf's father gratefully accepts his son's offer to work with him in the garden, even though the cub is sometimes more of a hinderance than a help.8 a290 bLexile estimate 8 aD bRaz-Plus  aBehaviorvGardeningxChild Life